000 00507nam a2200181Ia 4500
003 GCL
008 140319s9999 xx 000 0 ara d
040 _aGCL /
_cGCL
082 0 4 _a961.1
_bح ف
100 1 _aحمادى الساحلى
245 1 0 _aفصول فى التاريخ والحضارة /
_cحمادى الساحلى
260 _aبيروت :
_bدار الغرب الاسلامى ،
_c1992
300 _a431 ص
490 _a
650 0 4 _aتاريخ
650 0 4 _aتونس
942 _2ddc
_cBK
999 _c44299
_d44299